| 000 | 00417cam a2200181ua 4500 | ||
|---|---|---|---|
| 020 | _c5 | ||
| 041 |
_ahin _h |
||
| 082 |
_a891.43 _bDAR/BH |
||
| 100 | _aDarmanand , Kosambi . | ||
| 245 |
_aBhagvan budh / _cDarmanand Kosambi. _hTextual Documents |
||
| 250 |
_a1 / _b. |
||
| 260 |
_a : _bRajkamal Prakashan , _c1956. |
||
| 300 | _a399 ; . | ||
| 365 | _a5 | ||
| 504 | _a | ||
| 942 | _cBK | ||
| 999 |
_c3034 _d3034 |
||